Report of the ninety-fourth round table on transport economics held in Paris on 5th-6th November 1992 on the following topic: regional policy, transport networks and communications

Αποθηκεύτηκε σε:
Λεπτομέρειες βιβλιογραφικής εγγραφής
Συγγραφή απο Οργανισμό/Αρχή: Economic Research Centre
Μορφή: Βιβλίο
Γλώσσα:English
Δημοσίευση: Paris : European Conference of Ministers of Transport, 1994
Θέματα:
Ετικέτες: Προσθήκη ετικέτας
Δεν υπάρχουν, Καταχωρήστε ετικέτα πρώτοι!

MARC

LEADER 00000nam a2200000 i 4500
001 1/57252
008 980513s1994 eng d
020 |a 9282111911 
035 |l 10028160 
040 |a GR-MY-UA  |b gre  |e aacr 
041 0 |a eng 
082 0 |a 388 
110 2 |a Economic Research Centre. 
245 1 0 |a Report of the ninety-fourth round table on transport economics held in Paris on 5th-6th November 1992 on the following topic: regional policy, transport networks and communications 
260 |a Paris :   |b European Conference of Ministers of Transport,   |c 1994 
300 |a 134 p. 
650 0 0 |a Transportation and state  |x Congresses. 
650 0 0 |a Transportation  |x Planning  |x Congresses. 
650 0 0 |a High speed trains  |x Congresses. 
852 |a INST  |b CHIOS  |e 19980513  |h 388 REP  |p 005200016539  |q 005200016539  |t BK  |y 0 
901 |a BIBL-1998-2 
909 |a Χ  |b 054510 
922 |a 2ΕΛΗ  |b 199803  |c ΑΛΕΞΑΚΗΣ  |d ΠΑΠΑΣΩΤΗΡΙΟΥ